Mizoram: history and cultural identity (1890-1947) (Record no. 9773)
[ view plain ]
| 000 -LEADER | |
|---|---|
| fixed length control field | 00489nam a2200169Ia 4500 |
| 020 ## - INTERNATIONAL STANDARD BOOK NUMBER | |
| ISBN | 818531957X |
| 082 ## - DEWEY DECIMAL CLASSIFICATION NUMBER | |
| Classification number | 954.166 LAL-M |
| 100 ## - MAIN ENTRY--AUTHOR NAME | |
| Personal name | Lalrimawia |
| 245 #0 - TITLE STATEMENT | |
| Title | Mizoram: history and cultural identity (1890-1947) |
| 260 ## - PUBLICATION, DISTRIBUTION, ETC. (IMPRINT) | |
| Place of publication | Guwahati |
| Name of publisher | Spectrum Publications |
| Year of publication | 1995 |
| 650 ## - SUBJECT ADDED ENTRY--TOPICAL TERM | |
| Topical Term | Mizoram |
| Form subdivision | History |
| Geographic subdivision | 1890-1947 |
| 650 ## - SUBJECT ADDED ENTRY--TOPICAL TERM | |
| Topical Term | Mizoram |
| Form subdivision | Social conditions |
| Geographic subdivision | 1890-1947 |
| 650 ## - SUBJECT ADDED ENTRY--TOPICAL TERM | |
| Topical Term | Mizos, The |
| 650 ## - SUBJECT ADDED ENTRY--TOPICAL TERM | |
| Topical Term | Mizoram |
| Form subdivision | Politics and government |
| 650 ## - SUBJECT ADDED ENTRY--TOPICAL TERM | |
| Topical Term | Culture |
| Geographic subdivision | Mizoram |
| 942 ## - ADDED ENTRY ELEMENTS (KOHA) | |
| Koha item type | Books |
| Source of classification or shelving scheme | Dewey Decimal Classification |
| Withdrawn status | Lost status | Damaged status | Not for loan | Collection code | Home library | Current library | Date acquired | Bill Date | Full call number | Accession Number | Price effective from | Koha item type |
|---|---|---|---|---|---|---|---|---|---|---|---|---|
| Docas Books | NASSDOC Library | NASSDOC Library | 05/09/2016 | 2004-10-22 | 954.166 LAL-M | D001389 | 18/04/2019 | Books |
